000 00331nam a22001457a 4500
003 OSt
005 20231202094354.0
008 231202b |||||||| |||| 00| 0 eng d
040 _cIIMT UNIVERSITY
100 _aGEETA, PRESS
245 _aGEETAWALI
260 _aGORAKHPUR
_bGEETA PRESS
_cS.2041
300 _a443
942 _2ddc
_c09
999 _c57753
_d57753